Представление документа в формате MARC21

ПолеНазваниеЗначение
  Тип записи a
  Библиографический уровень m
001 Контрольный номер RU/URAIT/538445
003 Принадлежность контрольного номера https://urait.ru/bcode/538445
005 Дата корректировки 20240827112703.5
008 Кодируемые данные
020 Индекс ISBN __
a ISBN 978-5-534-09510-4
c Цена, тираж 629.00
040 Источник каталогиз. __
a Служба первич. каталог. ИКО Юрайт
b Код языка каталог. rus
c Служба, преобразующая запись ИКО Юрайт
041 Код языка издания 0_
a Код языка текста rus
044 Код страны публикации __
a Код страны публикации RU
073 _1
a 9785534095104
d 629.00
080 Индекс УДК __
a Индекс УДК 53.08(075.8)
084 Индекс другой классификации/Индекс ББК __
a Индекс другой классификации/Индекс ББК 30я73
2 Источник индекса rubbk
091 Индексы/ коды __
a Индекс ББК (DOS) 30я73
z rubbk
100 Автор 1_
a Автор Рачков М. Ю.
q Полное имя Михаил Юрьевич
230 __
a Электрон. дан.
245 Заглавие 00
a Заглавие Физические основы измерений
b Продолж. заглавия учебное пособие
c Ответственность М. Ю. Рачков.
250 Сведения об издании __
a Основные сведения об издании 2-е изд.
b Дополнительные сведения об издании испр. и доп
260 Выходные данные 1_
a Место издания Москва
b Издательство Юрайт
c Дата издания 2024
300 Физическое описание __
a Объем 146 с
440 Серия _0
a Серия Высшее образование
500 Примечания __
a Примечание URL: https://urait.ru/bcode/538445 (дата обращения: 27.08.2024).
520 Аннотация __
a Аннотация В курсе рассмотрены общие аспекты измерения, основные понятия о метрологическом обеспечении измерений, а также в области наноизмерений. Представлена информация о принципах измерения различных физических величин на примерах измерения параметров автомобильных систем. Отдельная тема содержит практические работы по составлению измерительных схем на базе резистивных, емкостных, электромагнитных, пьезоэлектрических и термометрических преобразователей.
538 Прим. о системных особенностях __
a Прим. о системных особенностях Режим доступа: Электронно-библиотечная система Юрайт, для авториз. пользователей
653 Ключевые слова 2_
a Ключевые слова Автоматика и управление
653 Ключевые слова 2_
a Ключевые слова Технические науки и информационные технологии
653 Ключевые слова 2_
a Ключевые слова Физические основы измерений
653 Ключевые слова 2_
a Ключевые слова Физические основы измерений и эталоны
653 Ключевые слова 2_
a Ключевые слова Методы и средства измерений, испытаний и контроля
653 Ключевые слова 2_
a Ключевые слова Автоматизация физических исследований и эксперимента
653 Ключевые слова 2_
a Ключевые слова Измерения магнитных величин
653 Ключевые слова 2_
a Ключевые слова Измерение физико-химических свойств и контроль состава технологических сред
653 Ключевые слова 2_
a Ключевые слова Измерение и контроль физических величин
653 Ключевые слова 2_
a Ключевые слова Основные методы измерения физических величин
653 Ключевые слова 2_
a Ключевые слова Датчики для измерения физических величин
653 Ключевые слова 2_
a Ключевые слова Моделирование пьезоэлектрических материалов и устройств
653 Ключевые слова 2_
a Ключевые слова Физические основы измерений и эталоны единиц физических величин
653 Ключевые слова 2_
a Ключевые слова Методы и средства измерения физических величин
653 Ключевые слова 2_
a Ключевые слова Методы и средства испытаний, измерений и контроля
653 Ключевые слова 2_
a Ключевые слова Теоретические основы технологических измерений
653 Ключевые слова 2_
a Ключевые слова Методы измерений в технической физике
653 Ключевые слова 2_
a Ключевые слова Физика термоэлектрических и пьезоэлектрических явлений
653 Ключевые слова 2_
a Ключевые слова Методы и средства измерений, контроля и испытаний
653 Ключевые слова 2_
a Ключевые слова Измерение физических величин
653 Ключевые слова 2_
a Ключевые слова Основы измерения физических величин
653 Ключевые слова 2_
a Ключевые слова Метрологическое обеспечение автоматизированных производств
653 Ключевые слова 2_
a Ключевые слова Специальные методы измерения физических величин
653 Ключевые слова 2_
a Ключевые слова Физика оптоэлектронных и фотонных устройств
653 Ключевые слова 2_
a Ключевые слова Физико-химические измерения
653 Ключевые слова 2_
a Ключевые слова Технологические измерения
653 Ключевые слова 2_
a Ключевые слова Основы измерения физических величин, цифровой их обработки и статистического анализа
653 Ключевые слова 2_
a Ключевые слова Физико-химические основы измерений
856 Электронный адрес документа 40
n Местонахождение сервера Юрайт
g Электронная книга
q Тип электронного формата html
h Имя пользователя ЮРАЙТ
v Часы доступа к ресурсу 20251231
2 Способ доступа Показать документ
x Служебное примечание https://urait.ru/book/cover/B3EFD518-1719-4D26-97E9-C9CAD9E3A101
u URL https://urait.ru/bcode/538445
856 Электронный адрес документа 41
q Тип электронного формата cover
u URL https://urait.ru/book/cover/B3EFD518-1719-4D26-97E9-C9CAD9E3A101